000 00884nam a2200289Ia 4500
001 Z_3935
003 CHAP
008 220113s1985 xx 000 0 und d
010 _a166996
040 _cCHAP
090 _aTesis S 505
100 _aSolís Ramírez, José
_9108462
245 _aJerarquización de sementales en base al comportamiento de progenies puras y cruzadas en conejos (Orictolagus cuniculus L.) /
_cpor José Solís Ramírez
260 _aChapingo, Méx. :
_bEl autor,
_c1985
300 _a70 h.
502 _aTesis (Ing. Agr. Esp. en Zootecnia) -- UACH. Departamento de Zootecnia
650 _aConejos
_xCruzas
_926358
650 _aConejos
_xGenética
_926367
650 _aConejos
_xMejoramiento
_926371
650 _aConejos
_xPeso
_926374
901 _aTESIS S 505
902 _aM
910 _a1985
942 _c2
942 _c2
999 _c166996
_d166996